People of the lake-man: his origins, nature and future. (Record no. 6593)
[ view plain ]
| 000 -LEADER | |
|---|---|
| fixed length control field | 00550nam a2200181Ia 4500 |
| 003 - CONTROL NUMBER IDENTIFIER | |
| control field | IN-BaIIA |
| 008 - FIXED-LENGTH DATA ELEMENTS--GENERAL INFORMATION | |
| fixed length control field | 211028s9999 xx 000 0 eng d |
| 020 ## - INTERNATIONAL STANDARD BOOK NUMBER | |
| International Standard Book Number | 0-00-219502-X |
| 040 ## - CATALOGING SOURCE | |
| Transcribing agency | IIA Library |
| 080 ## - UNIVERSAL DECIMAL CLASSIFICATION NUMBER | |
| Universal Decimal Classification number | GEN |
| Item number | LEA |
| 100 ## - MAIN ENTRY--PERSONAL NAME | |
| Personal name | Leakey Richard,Lewin Roger. |
| 9 (RLIN) | 11286 |
| 245 #0 - TITLE STATEMENT | |
| Title | People of the lake-man: his origins, nature and future. |
| Statement of responsibility, etc. | Lewin Roger Leakey Richard |
| 260 ## - PUBLICATION, DISTRIBUTION, ETC. | |
| Place of publication, distribution, etc. | London |
| Name of publisher, distributor, etc. | Collins |
| Date of publication, distribution, etc. | 1979 |
| 300 ## - PHYSICAL DESCRIPTION | |
| Extent | 223p. |
| 650 ## - SUBJECT ADDED ENTRY--TOPICAL TERM | |
| Topical term or geographic name entry element | Human origins |
| 9 (RLIN) | 11287 |
| 650 ## - SUBJECT ADDED ENTRY--TOPICAL TERM | |
| Topical term or geographic name entry element | Human prehistory |
| 9 (RLIN) | 11288 |
| 942 ## - ADDED ENTRY ELEMENTS (KOHA) | |
| Koha item type | Books |
| Withdrawn status | Lost status | Damaged status | Not for loan | Home library | Current library | Shelving location | Date acquired | Total Checkouts | Full call number | Barcode | Date last seen | Price effective from | Koha item type |
|---|---|---|---|---|---|---|---|---|---|---|---|---|---|
| IIA Library-Bangalore | IIA Library-Bangalore | General Stacks | 16/09/1980 | GEN/ LEA | 7333 | 05/11/2021 | 16/09/1980 | Books |